[Event "Benidorm op 22nd"]
[Site "Benidorm"]
[Date "2009.05.01"]
[Round "8"]
[White "Bhat, S Rekha"]
[Black "Haslinger, Gareth"]
[Result "1/2-1/2"]
[WhiteElo "1820"]
[BlackElo "2305"]
[PlyCount "50"]
[EventDate "2009.04.24"]
[EventType "swiss"]
[EventRounds "10"]
[EventCountry "ESP"]
[SourceTitle "CBM 130 Extra"]
[Source "ChessBase"]
[SourceDate "2009.07.02"]
[SourceVersion "2"]
[SourceVersionDate "2009.07.15"]
[SourceQuality "1"]

1. d4 d5 2. c4 e6 3. Nc3 Be7 4. Nf3 Nf6 5. Bf4 0-0 6. e3 Nbd7 7. c5 c6 8. Bd3 b6 9. b4 a5 10. a3 Ba6 11. 0-0 Qc8 12. h3 Qb7 13. Rb1 axb4 14. axb4 Bxd3 15. Qxd3 Ra3 16. Qc2 Rfa8 17. Rfc1 h6 18. Ne1 b5 19. Qb2 Ne4 20. Ra1 R3a6 21. f3 Nxc3 22. Qxc3 Bf6 23. Bd6 R8a7 24. Rxa6 Rxa6 25. Ra1 Qa7 1/2-1/2

[Event "Benidorm op 22nd"]
[Site "Benidorm"]
[Date "2009.04.28"]
[Round "5"]
[White "Bhat, S Rekha"]
[Black "Levin, Felix"]
[Result "0-1"]
[WhiteElo "1820"]
[BlackElo "2526"]
[PlyCount "84"]
[EventDate "2009.04.24"]
[EventType "swiss"]
[EventRounds "10"]
[EventCountry "ESP"]
[SourceTitle "CBM 130 Extra"]
[Source "ChessBase"]
[SourceDate "2009.07.02"]
[SourceVersion "2"]
[SourceVersionDate "2009.07.15"]
[SourceQuality "1"]

1. d4 Nf6 2. c4 e6 3. Nc3 Bb4 4. e3 0-0 5. Nge2 d5 6. a3 Be7 7. cxd5 exd5 8. b4 Re8 9. Ng3 c6 10. Bd3 Bd6 11. 0-0 Nbd7 12. f3 a5 13. Rb1 axb4 14. axb4 Nf8 15. Nge2 Bc7 16. Bc2 Qd6 17. g3 Bh3 18. Rf2 Qd7 19. e4 dxe4 20. fxe4 Bb6 21. b5 c5 22. Rxf6 gxf6 23. Nd5 Qd8 24. Nef4 cxd4 25. Nxb6 Qxb6 26. Nd5 Qc5 27. Bd3 Re5 28. Nxf6+ Kg7 29. Qf3 Ra2 30. Bf4 Ng6 31. Rc1 Qa3 32. Nd5 Rxd5 33. exd5 Nxf4 34. Qxf4 Qxd3 35. Re1 Qe3+ 36. Rxe3 Ra1+ 37. Kf2 Rf1+ 38. Ke2 Rxf4 39. Re7 Bf1+ 40. Ke1 Rf5 41. b6 Ba6 42. Rd7 Kf6 0-1